| 000 | 00000nam##2200000za#4500 |
| 001 | 9.535791 |
| 003 | CaOODSP |
| 005 | 20200401015155 |
| 007 | ta |
| 008 | 150406|2002||||xxc||||| f|0| 0 fre|d |
| 020 | |a0-660-61766-8 |
| 040 | |aCaOODSP|bfre |
| 041 | |aeng |
| 041 | |afre |
| 043 | |an-cn--- |
| 086 | 1 |aBT31-2/2003-III-98 |
| 110 | 1 |aCanada. |bConseil du trésor. |
| 245 | 10|aPatrimoine canadien |
| 260 | |aOttawa - Ontario : |bSecrétariat du Conseil du Trésor du Canada |c2002. |
| 300 | |aTexte français, 65p. : |btableaux ; |c28 cm. |
| 490 | 1 |aBudget des dépenses 2002-2003, partie III: rapport sur les plans et les priorités |
| 546 | |aBilingue |
| 563 | |aCouverture souple |
| 590 | |a02-14|b2002-04-05 |
| 691 | 07|aPrévisions budgétaires|2gcpds |
| 691 | 07|aMinistère du gouvernement fédéral|2gcpds |
| 691 | 07|aPatrimoine|2gcpds |
| 776 | 0#|tPatrimoine canadien, budget des dépenses 2002-2003, partie III, rapport sur les plans et les priorités |w(CaOODSP)9.599444 |
| 776 | 0#|tCanadian Heritage, 2002-2003 estimates, part III, report on plans and priorities |w(CaOODSP)9.568150 |
| 791 | |tCanadian Heritage |eeng|w(CaOODSP)9.535790 |
| 830 | #0|aBudget des dépenses 2002-2003, partie III: rapport sur les plans et les priorités.|w(CaOODSP)9.508969 |